Guess the country - Statistics

General Stats
  • This quiz has been taken 29 times
  • The average score is 12 of 16
Answer Stats
Picture Answer % Correct
Egypt
95%
Greece
95%
Russia
95%
United States
95%
Canada
90%
china
90%
Israel
80%
Saudi Arabia
75%
Chile
70%
Mexico
70%
Denmark
65%
Kiribati
60%
Australia
55%
India
50%
New Zealand
40%
Madagascar
25%
No matching quizzes found
Score Distribution
Percent of People with Each Score
Percentile by Number Answered
Your Score History
You have not taken this quiz